000 01086nam a2200169Ia 4500
005 20250625171940.0
008 250625s9999 xx 000 0 und d
020 _a9780748403400
082 _a910.285
_bFIS
100 _aFischer, Manfred M.
245 0 _aSpatial Analytical
260 _bCRC Press
_c1996
300 _a306 pages
500 _aThe ability to manipulate spatial data in different forms and to extract additional meaning from them is at the heart of GIS, yet genuine spatial analysis tools are rarely incorporated into commercial software, thus seriously limiting their usefulness. The future of GIS technology wil depend largely on the incorporation of more powerful analytical and modelling functions - and there is agreement within the GIS community of the urgent need to address these issues. This text attempts this task. It presents the latest information on incorporating spatial analysis tools into GIS, and includes concepts and applications from both the environmental and socio-econimc sciences.
650 _aTechnology & Engineering
942 _cENGLISH
999 _c573922
_d573922